JNU Nationalism and India's uncivil war (Record no. 525561)

MARC details
000 -LEADER
fixed length control field 00572nam a2200181Ia 4500
008 - FIXED-LENGTH DATA ELEMENTS--GENERAL INFORMATION
fixed length control field 240822s9999 xx 000 0 und d
020 ## - INTERNATIONAL STANDARD BOOK NUMBER
ISBN 9789355203212
Paper back/Hardbound hbk
041 ## - LANGUAGE CODE
Language code of text/sound track or separate title eng
082 ## - DEWEY DECIMAL CLASSIFICATION NUMBER
Classification number 320.54
Item number PAR;1
100 ## - MAIN ENTRY--AUTHOR NAME
Personal name Paranjape, Makarand R
245 #0 - TITLE STATEMENT
Title JNU Nationalism and India's uncivil war
Statement of responsibility, etc / Makarand Paranjape
260 ## - PUBLICATION, DISTRIBUTION, ETC. (IMPRINT)
Name of publisher Rupa
Year of publication c2022
Place of publication New Delhi
300 ## - PHYSICAL DESCRIPTION
Number of Pages 278p
504 ## - BIBLIOGRAPHY, ETC. NOTE
Bibliography, etc Includes index
650 ## - SUBJECT ADDED ENTRY--TOPICAL TERM
Topical Term Sociology; Étudiants Activité politique Inde Histoire; College students Political activity India History
942 ## - ADDED ENTRY ELEMENTS (KOHA)
Koha item type English Books
Holdings
Withdrawn status Lost status Damaged status Not for loan Home library Current library Shelving location Date acquired Cost, normal purchase price Full call number Accession Number Price effective from Koha item type Copy number
        Anna Centenary Library Anna Centenary Library 3RD FLOOR, B WING 06.04.2024 595.00 320.54 PAR 659128 06.04.2024 English Books  
        Anna Centenary Library Anna Centenary Library 3RD FLOOR, B WING 06.04.2024 595.00 320.54 PAR;1 659129 06.04.2024 English Books 1

Find us on the map